书目信息 |
| 题名: |
房地产法案例·学理精解
|
|
| 作者: | 张学兵 编著 | |
| 分册: | ||
| 出版信息: | 北京 中国经济出版社 2004.09 |
|
| 页数: | 283页 | |
| 开本: | 23cm | |
| 丛书名: | 经济与法案例·学理精解文库 | |
| 单 册: | ||
| 中图分类: | D922.181.5 | |
| 科图分类: | ||
| 主题词: | 房地产法--法规--案例--分析--中国 | |
| 电子资源: | ||
| ISBN: | 7-5017-6478-6 | |
| 000 | 01020nam2 2200265 45 | |
| 001 | 012004000000 | |
| 005 | 20041203104602.45 | |
| 010 | @a7-5017-6478-6@dCNY 32.60 | |
| 100 | @a20041101d2004 em y0chiy0121 ea | |
| 101 | 0 | @achi |
| 102 | @aCN@b110000 | |
| 105 | @ay z 000yy | |
| 200 | 1 | @a房地产法案例·学理精解@Afang di chan fa an li xue li jing jie@f张学兵编著 |
| 210 | @a北京@c中国经济出版社@d2004.09 | |
| 215 | @a283页@d23cm | |
| 225 | 2 | @a经济与法案例·学理精解文库@dEconomy and law cases and jurisprudence interpretation@f张学兵总主编@zeng |
| 312 | @a封面并列题名: Real estate law cases and juriprudence interpretation | |
| 410 | 0 | @12001 @a经济与法案例·学理精解文库 |
| 510 | 1 | @aReal estate law cases and juriprudence interpretation@zeng |
| 510 | 1 | @aEconomy and law cases and jurisprudence interpretation@zeng |
| 606 | 0 | @a房地产法@x法规@x案例@x分析@y中国 |
| 690 | @aD922.181.5@v4 | |
| 701 | 0 | @a张学兵@Azhang xue bing@4编著 |
| 801 | 0 | @aCN@bQSSKxf@c20041203 |
| 905 | @a10447@dD922.181.5@eZ210 | |
| 房地产法案例·学理精解/张学兵编著.-北京:中国经济出版社,2004.09 |
| 283页;23cm.-(经济与法案例·学理精解文库=Economy and law cases and jurisprudence interpretation/张学兵总主编) |
| ISBN 7-5017-6478-6:CNY 32.60 |
| ● |
| 相关链接 |
|
|
|
正题名:房地产法案例·学理精解
索取号:D922.181.5/Z210
 
预约/预借
| 序号 | 登录号 | 条形码 | 馆藏地/架位号 | 状态 | 备注 |
| 1 | 430153 | 204301530 | 社科库509/509社科库 86排3列4层/ [索取号:D922.181.5/Z210] | 在馆 | |
| 2 | 430154 | 204301549 | 社科库509/509社科库 86排3列4层/ [索取号:D922.181.5/Z210] | 在馆 |